Normal view
MARC view
- الدليمي، أوس وليد خالد
Entry Personal Name
001 - CONTROL NUMBER
- control field: 65766
003 - CONTROL NUMBER IDENTIFIER
- control field: JO-AjAnu
005 - DATE AND TIME OF LATEST TRANSACTION
- control field: 20240629103606.0
008 - FIXED-LENGTH DATA ELEMENTS
- fixed length control field: 240629|| aca||aabn | a|a d
040 ## - CATALOGING SOURCE
- Original cataloging agency: JO-AjAnu
100 #1 - HEADING--PERSONAL NAME
- Personal name: الدليمي، أوس وليد خالد
- Relator term: معد